000
00319nam a22001337a 4500
008
180206b xxu||||| |||| 00| 0 eng d
020
_a
0884061310
041
_a
eng
080
_a
658
100
_a
54
101
_a
LID
245
_a
PROBLEM SOLVING: A Logical and Creative Approach
_c
Brightman, H.J
942
_2
udc
_c
BK
999
_c
41845
_d
41845